000
00321nam a2200121Ia 4500
005
20250423095903.0
008
250422s9999 xx 000 0 und d
020
_a
0- 316- 35975- 0
245
0
_a
Istructor’s manual to accompany conceptual physics
260
_b
Little, brown and company
260
_c
1985
942
_c
BK
999
_c
31632
_d
31632